Statistics for Top 20 Countries by Press Freedom

Click here to take the quiz!

General Stats

  • This quiz has been taken 130 times
  • The average score is 14 of 20

Answer Stats

ScoreCountry% Correct
7.82Norway
98%
8.31Sweden
97%
9.87Denmark
97%
7.90Finland
96%
15.69Canada
93%
10.75New Zealand
90%
14.71Iceland
89%
15.33Austria
88%
8.63Netherlands
88%
14.60Germany
88%
12.07Belgium
87%
10.52Switzerland
86%
15.00Ireland
80%
15.66Luxembourg
75%
12.63Portugal
64%
12.27Estonia
54%
12.24Costa Rica
21%
16.06Uruguay
19%
11.13Jamaica
7%
16.38Suriname
0%

Score Distribution

Percentile by Number Answered

Percent of People with Each Score

Your Score History

You have not taken this quiz